| 000 | 00379nam a22001577a 4500 | ||
|---|---|---|---|
| 005 | 20161024105224.0 | ||
| 008 | 161024b xxu||||| |||| 00| 0 eng d | ||
| 020 | _a978-81-7138-200-2 | ||
| 041 | _aeng | ||
| 100 |
_aNANDA,VARTIKA SAHAY,UDAY _93667 |
||
| 245 | _aMEDIA AUR JANSANCHAR | ||
| 260 | _bSAMAYEK | ||
| 300 | _a143 | ||
| 650 |
_aMASS COMM JOURNALISM _93668 |
||
| 942 | _cBK | ||
| 999 |
_c5312 _d5310 |
||